000 00566nam a22001937a 4500
999 _c142432
_d142432
005 20181227111155.0
010 _aENG-119150
020 _a9789382536239
_c225.00
020 _a938253623x
_c225.00
035 _aEN-102682
037 _bDBAD/PUB
082 _aN
100 _aSaxena Chandra,Neelam
245 _aIn the flickering of an eye /
_cby Neelam Saxena Chandra
260 _aNew Delhi
_bLifi Prakashans
_c2017
270 _a211, 2nd Floor, Gagandeep 12, Rajendra Place
_bNew Delhi
_e110008
300 _axii,172p.
_c20cm(pbk)
942 _2ddc
_cEN
_hN
_mCHA